000 00975 a2200265 4500
005 20250619105021.0
050 0 0 _aRB 38.2
_bPAG 2019
245 0 0 _aMosby's diagnostic and laboratory test reference /
_cKathleen Deska Pangana
250 _afourteenth
264 _aNey Jersey:
_bElsevier ,
_c2019
300 _a1063 pages
_billustrations ;
336 _atext
_btxt
_2rdacontent
337 _aunmediated
_bn
_2rdamedia
338 _avolume
_bnc
_2rdacarrier
500 _a[First ed.]-6th ed., copyrighted 1992-2003, cataloged as monographs in LC.
_5DLC
650 0 _aDiagnosis, Laboratory
650 0 _aNursing
650 1 2 _aClinical Laboratory Techniques.
650 2 2 _aDiagnostic Techniques and Procedures.
650 2 2 _aNursing Care.
650 7 _aDiagnosis, Laboratory.
650 7 _aNursing.
942 _2lcc
_cBK
_efourteenth
_h38.2
_iPAG
_kRB
999 _c11608
_d11608